Jab Zindagi Shuru ho ge (Record no. 233529)
[ view plain ]
| 000 -LEADER | |
|---|---|
| fixed length control field | nam a22 7a 4500 |
| 005 - DATE AND TIME OF LATEST TRANSACTION | |
| control field | 20170308151340.0 |
| 008 - FIXED-LENGTH DATA ELEMENTS--GENERAL INFORMATION | |
| fixed length control field | 170308b xxu||||| |||| 00| 0 eng d |
| 020 ## - INTERNATIONAL STANDARD BOOK NUMBER | |
| International Standard Book Number | 97869698070105 |
| 040 ## - CATALOGING SOURCE | |
| Transcribing agency | . |
| 082 ## - DEWEY DECIMAL CLASSIFICATION NUMBER | |
| Classification number | 891.43930 |
| 100 ## - MAIN ENTRY--PERSONAL NAME | |
| Personal name | Abu Yahhya |
| 245 ## - TITLE STATEMENT | |
| Title | Jab Zindagi Shuru ho ge |
| Statement of responsibility, etc. | Abu Yahhya |
| 260 ## - PUBLICATION, DISTRIBUTION, ETC. | |
| Place of publication, distribution, etc. | Lahore, |
| Name of publisher, distributor, etc. | Andaz Publisher |
| 300 ## - PHYSICAL DESCRIPTION | |
| Extent | 272 p. ; |
| 942 ## - ADDED ENTRY ELEMENTS (KOHA) | |
| Source of classification or shelving scheme | |
| Koha item type | Book |
| Withdrawn status | Lost status | Source of classification or shelving scheme | Damaged status | Not for loan | Permanent Location | Current Location | Shelving location | Date acquired | Total Checkouts | Total Renewals | Full call number | Barcode | Date last seen | Date last checked out | Price effective from | Koha item type | Checked out |
|---|---|---|---|---|---|---|---|---|---|---|---|---|---|---|---|---|---|
| School of Mechanical & Manufacturing Engineering (SMME) | School of Mechanical & Manufacturing Engineering (SMME) | Book Bank | 03/08/2017 | 1 | 1 | 891.43930 | SMME-BB316 | 05/16/2023 | 02/08/2023 | 03/08/2017 | Book | ||||||
| School of Mechanical & Manufacturing Engineering (SMME) | School of Mechanical & Manufacturing Engineering (SMME) | 05/05/2023 | 1 | 891.4393 YAH | SMME-3849 | 02/19/2026 | 02/19/2026 | 05/05/2023 | Book | 03/06/2026 |
